| 000 | 00437nam a2200193Ia 4500 | ||
|---|---|---|---|
| 008 | 170918s9999 xx 000 0 und d | ||
| 020 | _a9780590273626 | ||
| 050 | _bR761 1994 | ||
| 100 | _aRomay, Saturino | ||
| 245 | _aPizza / | ||
| 245 | _cSaturino Romay. | ||
| 260 | _aNew York : | ||
| 260 | _bScholastic, | ||
| 260 | _c1994 | ||
| 300 | _a16 pages : | ||
| 300 | _bcolored illustration ; | ||
| 300 | _c19cm. | ||
| 500 | _aBR | ||
| 999 |
_c340938 _d340938 |
||